00317cam a22001097a 4500008004000000082001600040100002500056245006100081260003200142300001000174650002300184180718b1961 xxu||||| |||| 00| 0 eng d aT19x547 Q62 aQureshi, Anwar Iqbal aDevelopments in Pakistan economycby Anwar Iqbal Qureshi aKaranchibNabeel Pub.c1961 a195p. aEconomics-Pakistan